<?xml version="1.0" encoding="UTF-8"?>
<marc:record xmlns:marc="http://www.loc.gov/MARC21/slim">
   <marc:leader>00000nam a2200000 a 4500</marc:leader>
   <marc:datafield ind1="1" ind2=" " tag="100">
      <marc:subfield code="a">Teich, Karsten</marc:subfield>
      <marc:subfield code="4">aut</marc:subfield>
      <marc:subfield code="e">Verfasser/-in</marc:subfield>
   </marc:datafield>
   <marc:datafield ind1="0" ind2="0" tag="245">
      <marc:subfield code="a">Aua!</marc:subfield>
   </marc:datafield>
   <marc:datafield ind1="0" ind2="0" tag="245">
      <marc:subfield code="c">Teich, Karsten</marc:subfield>
   </marc:datafield>
   <marc:datafield ind1=" " ind2="1" tag="264">
      <marc:subfield code="a">München</marc:subfield>
      <marc:subfield code="b">arsEdition</marc:subfield>
   </marc:datafield>
   <marc:datafield ind1="1" ind2=" " tag="520">
      <marc:subfield code="a">Auaaaa!&#xD;
Der Löwe ist empört: die Maus hat ihn getreten und das tut sooo weeeeh! Schnell kommen die anderen Tiere angerannt und versuchen, dem Löwen zu helfen. Der Elefant pustet, das Lama versucht's mit Spucke und der Tintenfisch bietet eine tröstende Umarmung an. Aber nichts hilft, der Löwe brüllt noch immer vor Schmerz. Da kehrt die kleine Maus zum Tatort zurück und löst die Situation überraschend auf. &#xD;
Vom untröstlichen Löwen &#xD;
Wer kennt das nicht? In manchen Situationen ist man einfach untröstlich und muss sein Leid lauthals mit der Welt teilen. So wie der Löwe in diesem Buch, der nach einem vermeintlichen Tritt wütend seinen Schmerz herausbrüllt. Alle Versuche zu trösten scheitern, bis der vermeintliche Verursacher des Unglücks zurückkehrt und dem Löwen sein Lächeln wieder aufs Gesicht zaubert. Ein wunderbar witziges Trostbuch für alle kleine Löwen und Löwinnen ab 24 Monaten.  Heile, Heile, Segen: Das tröstende Buch für die kleinen Dramen im KleinkindlebenLustige Bilder: Charmante Trostgeschichte, kongenial erzählt und illustriert vom Bilderbuchkünstler Karsten Teich („Cowboy Klaus”)Perfekt für kleine Kinderhände: Dicke Pappeseiten und handliches FormatGeprüfte Qualität: Das Buch unterliegt strengen Sicherheitsanforderungen und regelmäßigen Kontrollen nach europäischer Spielzeugsicherheitsrichtlinie</marc:subfield>
   </marc:datafield>
   <marc:datafield ind1=" " ind2=" " tag="020">
      <marc:subfield code="a">9783845861159</marc:subfield>
      <marc:subfield code="9">9783845861159</marc:subfield>
   </marc:datafield>
   <marc:datafield ind1=" " ind2=" " tag="020">
      <marc:subfield code="a">3845861150</marc:subfield>
      <marc:subfield code="9">3845861150</marc:subfield>
   </marc:datafield>
   <marc:datafield ind1=" " ind2=" " tag="041">
      <marc:subfield code="a">ger</marc:subfield>
   </marc:datafield>
   <marc:datafield ind1="1" ind2=" " tag="521">
      <marc:subfield code="a">Kind [ab 2 Jahren]</marc:subfield>
   </marc:datafield>
   <marc:datafield ind1=" " ind2=" " tag="338">
      <marc:subfield code="a">Band</marc:subfield>
   </marc:datafield>
   <marc:datafield ind1=" " ind2=" " tag="300">
      <marc:subfield code="a">32 ungezählte Seiten</marc:subfield>
   </marc:datafield>
</marc:record>
